000 00484nam a2200169Ia 4500
999 _c22272
_d22272
003 OSt
005 20200214094711.0
008 190216s9999||||xx |||||||||||||| ||und||
040 _coclc
082 _a297
_bNAD/H
100 _aNadvi, Abul Hasan Ali
_91966
245 0 _aHiraguhayil Ninnu /
_cAbul Hasan Ali Nadvi
260 _bYuvatha Book House,
_c1987.
_aCalicut:
300 _a136p
650 _aIslamic History
942 _cBK
_2ddc
_h297
_iNAD/H
_k297
_mNAD/H